| 000 | 00592nam a2200193Ia 4500 | ||
|---|---|---|---|
| 005 | 20250326143520.0 | ||
| 008 | 250326s9999 xx 000 0 und d | ||
| 020 | _a1-56327-243-1 | ||
| 037 | _aTextbook | ||
| 040 |
_aFMSL _beng _cFMSL |
||
| 041 |
_aeng _2eng |
||
| 084 |
_aX:8C P4 _qFMSL |
||
| 100 |
_aMaskell B _9740990 |
||
| 245 | 0 |
_aPractical lean accounting: proven system for measuring and managing the lean enterprise _cMaskell B; Baggaley B |
|
| 260 |
_aNew York _bNew York, Productivity _c2004 |
||
| 300 | _a359p | ||
| 942 |
_cTB _hX:8C P4 |
||
| 999 |
_c1299902 _d1299902 |
||